[Event "Saint Affrique op 19th"]
[Site "Saint Affrique"]
[Date "2011.07.24"]
[Round "2"]
[White "Priser, Patrick"]
[Black "Karpatchev, Aleksandr"]
[Result "0-1"]
[WhiteElo "2020"]
[BlackElo "2485"]
[PlyCount "50"]
[EventDate "2011.07.23"]
[EventType "swiss"]
[EventRounds "9"]
[EventCountry "FRA"]
[SourceTitle "CBM 143 Extra"]
[Source "ChessBase"]
[SourceDate "2011.08.29"]
[SourceVersion "1"]
[SourceVersionDate "2011.08.29"]
[SourceQuality "1"]

1. e4 e5 2. Nf3 Nc6 3. Bc4 Nf6 4. d3 Be7 5. c3 0-0 6. 0-0 d5 7. exd5 Nxd5 8. Re1 Bg4 9. h3 Bh5 10. Nbd2 Nb6 11. Bb5 f6 12. Nc4 Kh8 13. g4 Bf7 14. Ne3 a6 15. Bxc6 bxc6 16. Nf5 Bd6 17. Be3 Nd5 18. Nxd6 cxd6 19. Qa4 Qd7 20. d4 e4 21. Nd2 f5 22. gxf5 Qxf5 23. Qxc6 Bh5 24. Nxe4 Qxe4 25. Qxd6 Rf6 0-1

[Event "Guingamp op 15th"]
[Site "Guingamp"]
[Date "2011.03.07"]
[Round "4"]
[White "Priser, Patrick"]
[Black "Colin, Vincent"]
[Result "0-1"]
[WhiteElo "2015"]
[BlackElo "2440"]
[PlyCount "114"]
[EventDate "2011.03.05"]
[EventType "swiss"]
[EventRounds "9"]
[EventCountry "FRA"]
[SourceTitle "CBM 141 Extra"]
[Source "ChessBase"]
[SourceDate "2011.05.03"]
[SourceVersion "1"]
[SourceVersionDate "2011.05.03"]
[SourceQuality "1"]

1. e4 e5 2. Nf3 Nc6 3. Bb5 a6 4. Ba4 Nf6 5. 0-0 b5 6. Bb3 Be7 7. Qe2 0-0 8. c3 d5 9. d3 Qd6 10. Re1 Bg4 11. h3 Bh5 12. Bg5 d4 13. Nbd2 Rad8 14. Bc2 h6 15. Bxf6 Qxf6 16. Qf1 dxc3 17. bxc3 b4 18. c4 Bc5 19. Nb3 Ba7 20. Bd1 a5 21. Nh2 Bg6 22. Ng4 Qd6 23. Ne3 a4 24. c5 Qxd3 25. Qxd3 Rxd3 26. Nc1 Ra3 27. Nc4 Rc3 28. Bxa4 Rxc4 29. Bxc6 Bxc5 30. Bd5 Rc2 31. Nd3 Bd6 32. Rec1 Rxc1+ 33. Rxc1 Rb8 34. f3 Kf8 35. Kf2 Ke7 36. Ke2 f6 37. Rc2 Be8 38. Ke3 Rb6 39. Kd2 g6 40. Ke3 f5 41. g3 Ra6 42. Kd2 Ra3 43. f4 fxe4 44. Bxe4 exf4 45. gxf4 Bf7 46. h4 Kf6 47. Ne5 Rxa2 48. Rxa2 Bxa2 49. Nxg6 Bf7 50. f5 c5 51. Nh8 Bg8 52. Ng6 c4 53. Kc2 Bf7 54. h5 Be8 55. Bd5 Ba4+ 56. Kc1 c3 57. Nh4 Bf4+ 0-1

[Event "Saint Affrique op 18th"]
[Site "Saint Affrique"]
[Date "2010.07.28"]
[Round "6"]
[White "Milchev, Nikolay"]
[Black "Priser, Patrick"]
[Result "1-0"]
[WhiteElo "2360"]
[BlackElo "2011"]
[PlyCount "33"]
[EventDate "2010.07.24"]
[EventType "swiss"]
[EventRounds "9"]
[EventCountry "FRA"]
[SourceTitle "CBM 137 Extra"]
[Source "ChessBase"]
[SourceDate "2010.09.01"]
[SourceVersion "1"]
[SourceVersionDate "2010.09.01"]
[SourceQuality "1"]

1. e4 c6 2. c4 d5 3. exd5 cxd5 4. d4 Nf6 5. Nc3 e6 6. Nf3 Be7 7. Bd3 0-0 8. cxd5 Nxd5 9. 0-0 Nc6 10. Re1 Nf6 11. a3 b6 12. Bg5 Bb7 13. Qd2 Rc8 14. Rad1 Re8 15. h4 Ng4 16. d5 exd5 17. Bf5 1-0

[Event "Rohde op 09th"]
[Site "Sautron"]
[Date "2009.10.29"]
[Round "7"]
[White "Bailet, Pierre"]
[Black "Priser, Patrick"]
[Result "1-0"]
[WhiteElo "2379"]
[BlackElo "2004"]
[PlyCount "65"]
[EventDate "2009.10.24"]
[EventType "swiss"]
[EventRounds "9"]
[EventCountry "FRA"]
[SourceTitle "EXT 2010"]
[Source "ChessBase"]
[SourceDate "2010.11.25"]
[SourceVersion "1"]
[SourceVersionDate "2010.11.25"]
[SourceQuality "1"]

1. Nf3 d5 2. d4 e6 3. c4 Be7 4. g3 Nf6 5. Bg2 0-0 6. 0-0 dxc4 7. Na3 Bxa3 8. bxa3 Bd7 9. Ne5 Bc6 10. Nxc6 Nxc6 11. Rb1 Rb8 12. e3 Nd5 13. Qc2 Nb6 14. a4 a5 15. Ba3 Re8 16. Rb5 Ra8 17. Rfb1 Qd7 18. Bc5 Nb4 19. Bxb4 axb4 20. R1xb4 Nd5 21. Rb1 b6 22. Qxc4 Ra7 23. Bxd5 exd5 24. Qxd5 Qxd5 25. Rxd5 Rxa4 26. Rc1 Ra7 27. Rd7 Rc8 28. d5 Kf8 29. d6 Ke8 30. Re7+ Kd8 31. Rxf7 Rxa2 32. dxc7+ Ke8 33. Rxg7 1-0

[Event "Rohde op 09th"]
[Site "Sautron"]
[Date "2009.10.24"]
[Round "1"]
[White "Philippe, Christophe"]
[Black "Priser, Patrick"]
[Result "1-0"]
[WhiteElo "2430"]
[BlackElo "2004"]
[PlyCount "57"]
[EventDate "2009.10.24"]
[EventType "swiss"]
[EventRounds "9"]
[EventCountry "FRA"]
[SourceTitle "EXT 2010"]
[Source "ChessBase"]
[SourceDate "2010.11.25"]
[SourceVersion "1"]
[SourceVersionDate "2010.11.25"]
[SourceQuality "1"]

1. e4 e5 2. Nf3 Nf6 3. Nxe5 d6 4. Nc4 Be7 5. Nc3 Nc6 6. Ne3 Nd4 7. Bc4 c6 8. d3 0-0 9. 0-0 Be6 10. Bxe6 fxe6 11. Ne2 Nxe2+ 12. Qxe2 Qe8 13. f4 Nd7 14. Bd2 d5 15. f5 exf5 16. Nxf5 Bc5+ 17. Kh1 dxe4 18. dxe4 Kh8 19. Bc3 Ne5 20. Rad1 Qe6 21. Qh5 Rae8 22. b4 Bb6 23. Qg5 Rf7 24. h3 Bc7 25. Ne3 Rfe7 26. Rf2 Ng6 27. Rdf1 Be5 28. Bxe5 Nxe5 29. Rf8+ 1-0

[Event "Rohde op 08th"]
[Site "Sautron"]
[Date "2008.10.25"]
[Round "1"]
[White "Monroy, Charles"]
[Black "Priser, Patrick"]
[Result "1-0"]
[WhiteElo "2400"]
[BlackElo "2008"]
[PlyCount "93"]
[EventDate "2008.10.25"]
[EventType "swiss"]
[EventRounds "9"]
[EventCountry "FRA"]
[SourceTitle "EXT 2009"]
[Source "ChessBase"]
[SourceDate "2008.11.26"]
[SourceVersion "1"]
[SourceVersionDate "2008.11.26"]
[SourceQuality "1"]

1. Nf3 d5 2. d4 Nf6 3. c4 e6 4. g3 c6 5. Qc2 Nbd7 6. Bg2 Bd6 7. 0-0 0-0 8. Nbd2 Re8 9. b3 e5 10. cxd5 cxd5 11. dxe5 Nxe5 12. Bb2 Bg4 13. Bxe5 Bxe5 14. Nxe5 Rxe5 15. Nf3 Re8 16. Rac1 Qa5 17. Qb2 Rac8 18. Nd4 Be6 19. e3 Ne4 20. Nxe6 fxe6 21. b4 Qb5 22. Rxc8 Rxc8 23. Qe5 Qc6 24. Bxe4 dxe4 25. Rd1 Rf8 26. Rd6 Qc2 27. Qxe6+ Kh8 28. Qf7 Qc8 29. Qd5 Qc2 30. Qd2 Qc4 31. Rd8 Qf7 32. Rd7 Qf6 33. Rxb7 Rd8 34. Rd7 Rxd7 35. Qxd7 Qa1+ 36. Kg2 Qxa2 37. Qe8+ Qg8 38. Qxe4 h6 39. Qd4 Qf7 40. e4 Qb7 41. h4 Qb5 42. e5 Qc6+ 43. Kh2 a6 44. Qe3 Qe6 45. Qe4 Qf7 46. Kg2 Qe6 47. h5 1-0

[Event "Rohde op 07th"]
[Site "Sautron"]
[Date "2007.10.30"]
[Round "5"]
[White "Vavrak, Peter"]
[Black "Priser, Patrick"]
[Result "1-0"]
[WhiteElo "2454"]
[BlackElo "1980"]
[PlyCount "61"]
[EventDate "2007.10.27"]
[EventType "swiss"]
[EventRounds "9"]
[EventCountry "FRA"]
[SourceTitle "EXT 2008"]
[Source "ChessBase"]
[SourceDate "2007.11.25"]
[SourceVersion "1"]
[SourceVersionDate "2007.11.25"]
[SourceQuality "1"]

1. d4 d6 2. c4 f5 3. g3 Nf6 4. Bg2 g6 5. d5 Bg7 6. Nh3 0-0 7. Nf4 c6 8. h4 Bd7 9. Nc3 Na6 10. h5 Qe8 11. hxg6 hxg6 12. Be3 c5 13. Qd2 Ng4 14. 0-0-0 Nxe3 15. Qxe3 Nc7 16. Rh2 Rb8 17. Ne6 Bxe6 18. dxe6 Rf6 19. Rdh1 a6 20. Nd5 Nxd5 21. Bxd5 g5 22. Rh5 g4 23. Qg5 Qg6 24. Qxg6 Rxg6 25. Rxf5 Rf6 26. Rxf6 Bxf6 27. a4 b5 28. cxb5 axb5 29. a5 c4 30. e3 b4 31. a6 1-0

[Event "Rohde op 07th"]
[Site "Sautron"]
[Date "2007.10.28"]
[Round "2"]
[White "Priser, Patrick"]
[Black "Sandu, Mihaela"]
[Result "1-0"]
[WhiteElo "1980"]
[BlackElo "2266"]
[PlyCount "89"]
[EventDate "2007.10.27"]
[EventType "swiss"]
[EventRounds "9"]
[EventCountry "FRA"]
[SourceTitle "EXT 2008"]
[Source "ChessBase"]
[SourceDate "2007.11.25"]
[SourceVersion "1"]
[SourceVersionDate "2007.11.25"]
[SourceQuality "1"]

1. e4 c5 2. Nc3 Nc6 3. g3 g6 4. Bg2 Bg7 5. d3 Rb8 6. Be3 b5 7. Rb1 b4 8. Nce2 Qa5 9. b3 Nf6 10. h3 0-0 11. f4 e5 12. Nf3 exf4 13. Nxf4 d6 14. 0-0 Ba6 15. Qd2 Nd7 16. Nd5 Qd8 17. Bh6 f6 18. Bxg7 Kxg7 19. h4 Nb6 20. Nf4 Bc8 21. a3 a5 22. c3 Qe7 23. cxb4 axb4 24. a4 Ra8 25. Rfe1 Bg4 26. Nh2 Be6 27. Nxe6+ Qxe6 28. Nf3 Na5 29. Qb2 h6 30. Kh2 Nd7 31. d4 Rad8 32. e5 dxe5 33. dxe5 f5 34. Red1 Nb6 35. Rd6 Rxd6 36. exd6+ Rf6 37. Rd1 Nd7 38. Rd3 Qe4 39. Qd2 c4 40. Re3 c3 41. Qe1 Nc5 42. Rxe4 fxe4 43. d7 Rd6 44. Ne5 Kf6 45. Qf2+ 1-0

[Event "FRA-chT4 0506"]
[Site "Bretagne"]
[Date "2006.02.05"]
[Round "5"]
[White "Priser, Patrick"]
[Black "Illien, Jean Marc"]
[Result "1-0"]
[WhiteElo "1995"]
[BlackElo "2055"]
[PlyCount "42"]
[EventDate "2005.10.16"]
[EventType "team"]
[EventRounds "7"]
[EventCountry "FRA"]
[SourceTitle "EXT 2007"]
[Source "ChessBase"]
[SourceDate "2006.11.23"]
[SourceVersion "1"]
[SourceVersionDate "2006.11.23"]
[SourceQuality "1"]

1. e4 c5 2. Nc3 Nc6 3. g3 g6 4. Bg2 Bg7 5. d3 e6 6. Be3 b6 7. Qd2 Nge7 8. Bh6 0-0 9. h4 d5 10. h5 dxe4 11. hxg6 fxg6 12. Bxg7 e3 13. Qxe3 Nf5 14. Qd2 Nxg7 15. Bxc6 Rb8 16. Qh6 Nh5 17. g4 Qd4 18. Nf3 Qxg4 19. Rg1 Qf5 20. Be4 Qh3 21. Ng5 Nf4 1-0

[Event "FRA-chT4 0506"]
[Site "Bretagne"]
[Date "2005.12.04"]
[Round "3"]
[White "Bouvet, Laurent"]
[Black "Priser, Patrick"]
[Result "1-0"]
[WhiteElo "2073"]
[BlackElo "1994"]
[PlyCount "83"]
[EventDate "2005.10.16"]
[EventType "team"]
[EventRounds "7"]
[EventCountry "FRA"]
[SourceTitle "EXT 2007"]
[Source "ChessBase"]
[SourceDate "2006.11.23"]
[SourceVersion "1"]
[SourceVersionDate "2006.11.23"]
[SourceQuality "1"]

1. e4 d6 2. d4 Nf6 3. f3 e5 4. Ne2 Nc6 5. d5 Ne7 6. Be3 g6 7. g4 h6 8. Qd2 c6 9. Nbc3 cxd5 10. exd5 Bg7 11. Ng3 a6 12. Bc4 b5 13. Bb3 Bb7 14. Nge4 Nxe4 15. fxe4 Qd7 16. h3 h5 17. g5 0-0 18. a4 b4 19. Ne2 a5 20. Bc4 Qc7 21. Bb5 Nc8 22. c3 bxc3 23. Nxc3 Nb6 24. b3 Nd7 25. 0-0 Nc5 26. Rab1 Bc8 27. Kh2 Bd7 28. Bxc5 dxc5 29. d6 Qb7 30. Bxd7 Qxd7 31. Nb5 Kh7 32. Rbc1 Rac8 33. Qd5 f5 34. gxf6 Bh6 35. Rxc5 Rxc5 36. Qxc5 Bf4+ 37. Rxf4 exf4 38. Qc7 Rf7 39. Qxd7 Rxd7 40. e5 Kg8 41. e6 Rd8 42. d7 1-0

[Event "Fouesnant op 10th"]
[Site "Fouesnant"]
[Date "2004.10.25"]
[Round "4"]
[White "Priser, Patrick"]
[Black "Lavanant, Alexandre"]
[Result "0-1"]
[WhiteElo "1940"]
[BlackElo "1770"]
[PlyCount "46"]
[EventDate "2004.10.23"]
[EventType "swiss"]
[EventRounds "9"]
[EventCountry "FRA"]
[SourceTitle "EXT 2007"]
[Source "ChessBase"]
[SourceDate "2006.11.23"]
[SourceVersion "1"]
[SourceVersionDate "2006.11.23"]
[SourceQuality "1"]

1. c4 e5 2. Nc3 Nc6 3. Nf3 g6 4. d3 Bg7 5. g3 d6 6. Bg2 f5 7. 0-0 Nf6 8. a3 0-0 9. Bd2 h6 10. b4 g5 11. b5 Ne7 12. Ne1 f4 13. Qb3 Kh8 14. Nc2 Qe8 15. Nb4 Qh5 16. Qd1 Bh3 17. f3 g4 18. Nbd5 Bxg2 19. Nxe7 Bxf1 20. Qxf1 fxg3 21. hxg3 gxf3 22. exf3 Rf7 23. Ncd5 Re8 0-1

[Event "Fouesnant op 10th"]
[Site "Fouesnant"]
[Date "2004.10.24"]
[Round "2"]
[White "Priser, Patrick"]
[Black "Baugin, Alain"]
[Result "0-1"]
[WhiteElo "1940"]
[BlackElo "2158"]
[PlyCount "88"]
[EventDate "2004.10.23"]
[EventType "swiss"]
[EventRounds "9"]
[EventCountry "FRA"]
[SourceTitle "EXT 2007"]
[Source "ChessBase"]
[SourceDate "2006.11.23"]
[SourceVersion "1"]
[SourceVersionDate "2006.11.23"]
[SourceQuality "1"]

1. c4 f5 2. d4 Nf6 3. Nf3 e6 4. Nc3 b6 5. e3 Bb7 6. Be2 Bb4 7. Qb3 Qe7 8. a3 Bxc3+ 9. Qxc3 Ne4 10. Qc2 g5 11. Ne5 g4 12. b4 Qh4 13. 0-0 d6 14. Nd3 Ng5 15. d5 e5 16. Ne1 0-0 17. f3 Nd7 18. f4 Ne4 19. Bd3 Rad8 20. Bb2 c6 21. Bxe4 fxe4 22. dxc6 Bxc6 23. Rd1 g3 24. h3 Qe7 25. Qd2 Ba4 26. Nc2 Qe6 27. Qe2 Bb3 28. f5 Qf6 29. Rc1 Rc8 30. Na1 Ba4 31. Qg4+ Qg7 32. Qxe4 Qg5 33. Qg4 Qxg4 34. hxg4 Nf6 35. Rf3 Ne4 36. b5 h6 37. Kh1 Kf7 38. Kg1 Rg8 39. Nc2 Rxc4 40. Nb4 Bxb5 41. Rff1 Rxg4 42. Rxc4 Bxc4 43. Rc1 Nf2 44. Nc6 Rh4 0-1

[Event "FRA-chT4 0304"]
[Site "Bretagne"]
[Date "2003.11.16"]
[Round "2"]
[White "Priser, Patrick"]
[Black "Luco, Alain"]
[Result "1/2-1/2"]
[WhiteElo "1910"]
[BlackElo "2134"]
[PlyCount "57"]
[EventDate "2003.10.12"]
[EventType "team"]
[EventRounds "9"]
[EventCountry "FRA"]
[SourceTitle "EXT 2005"]
[Source "ChessBase"]
[SourceDate "2004.11.15"]
[SourceVersion "1"]
[SourceVersionDate "2004.11.15"]
[SourceQuality "1"]

1. c4 e5 2. Nc3 Nf6 3. g3 d5 4. cxd5 Nxd5 5. Bg2 Nb6 6. Nf3 Nc6 7. 0-0 Be7 8. d3 0-0 9. a3 Be6 10. b4 f5 11. b5 Nd4 12. Rb1 Bf6 13. Nxd4 exd4 14. Na4 Bd5 15. Nxb6 cxb6 16. Bxd5+ Qxd5 17. Qb3 Qxb3 18. Rxb3 Rac8 19. Bb2 Rc2 20. Re1 Kf7 21. Ba1 Rfc8 22. Kg2 Ra2 23. Kf3 Rcc2 24. Rb4 Rxa3 25. Bxd4 Bxd4 26. Rxd4 Rb2 27. Rd7+ Kf6 28. Rc1 Raa2 29. Rcc7 1/2-1/2

[Event "Guingamp op 6th"]
[Site "Guingamp"]
[Date "2002.04.20"]
[Round "7"]
[White "Priser, Patrick"]
[Black "Picart, Laurent"]
[Result "0-1"]
[WhiteElo "1960"]
[BlackElo "2183"]
[PlyCount "62"]
[EventDate "2002.04.16"]
[EventType "swiss"]
[EventRounds "7"]
[EventCountry "FRA"]
[SourceTitle "EXT 2003"]
[Source "ChessBase"]
[SourceDate "2002.11.25"]
[SourceVersion "1"]
[SourceVersionDate "2002.11.25"]
[SourceQuality "1"]

1. e4 e5 2. Nf3 Nf6 3. Nxe5 d6 4. Nf3 Nxe4 5. d4 d5 6. Bd3 Nc6 7. 0-0 Be7 8. Re1 Bg4 9. Be3 0-0 10. h3 Bh5 11. c3 Kh8 12. Nbd2 f5 13. g3 Bd6 14. Be2 f4 15. gxf4 Bxf4 16. Nxe4 dxe4 17. Nh2 Bxh2+ 18. Kxh2 Qd6+ 19. Kg2 Bf3+ 20. Bxf3 Rxf3 21. Rh1 Raf8 22. Qe2 Qg6+ 23. Kf1 Ne7 24. Rg1 Qe6 25. Ke1 Nd5 26. Rg3 Nxe3 27. Rxf3 Ng2+ 28. Kf1 Rxf3 29. d5 Qxh3 30. Qxe4 Nf4+ 31. Ke1 Qh1+ 0-1

[Event "Guingamp op 6th"]
[Site "Guingamp"]
[Date "2002.04.18"]
[Round "4"]
[White "Priser, Patrick"]
[Black "Le Pennec, Herve"]
[Result "1-0"]
[WhiteElo "1960"]
[BlackElo "1710"]
[PlyCount "85"]
[EventDate "2002.04.16"]
[EventType "swiss"]
[EventRounds "7"]
[EventCountry "FRA"]
[SourceTitle "EXT 2003"]
[Source "ChessBase"]
[SourceDate "2002.11.25"]
[SourceVersion "1"]
[SourceVersionDate "2002.11.25"]
[SourceQuality "1"]

1. e4 c6 2. d4 d5 3. Nc3 dxe4 4. Nxe4 Nd7 5. Bc4 Ngf6 6. Ng5 e6 7. Qe2 Nb6 8. Bb3 h6 9. N5f3 Bd6 10. Ne5 Qe7 11. Ngf3 Bd7 12. Bd2 Nbd5 13. c4 Bb4 14. cxd5 Bxd2+ 15. Nxd2 cxd5 16. Nxd7 Qxd7 17. 0-0 0-0 18. Rac1 Rfc8 19. Nf3 a6 20. Ne5 Qd6 21. Rfe1 Qb6 22. Qe3 a5 23. a4 Ne4 24. Qd3 Qb4 25. f3 Nd6 26. Rc3 b5 27. Rec1 Rxc3 28. Rxc3 bxa4 29. Bc2 f5 30. h3 Nb5 31. Nc6 Qxb2 32. Rc5 Na3 33. Bxa4 Nc4 34. Qb3 Qc1+ 35. Qd1 Qa3 36. Qb3 Qc1+ 37. Qd1 Qa3 38. Kh2 Nb2 39. Qb3 Qxa4 40. Qxb2 h5 41. Qb7 Rf8 42. Rxa5 Qd1 43. Ra7 1-0